Shinkansen/Bullet Trains lines of Japan (Tohoku line) - Statistics

General Stats
  • This quiz has been taken 264 times
    258 since last reset
  • The average score is 16 of 23
Answer Stats
Distance from Tokyo (km) Station Name % Correct
0 Tokyo
99%
325.4 Sendai
95%
3.6 Ueno
92%
674.9 Shin Aomori
88%
255.1 Fukushima
87%
31.3 Omiya
86%
496.5 Morioka
84%
109 Utsunomiya
82%
593.1 Hachinohe
78%
213.9 Koriyama
70%
80.6 Oyama
67%
562.2 Ninohe
64%
152.4 Nasu Shiobara
63%
406.3 Ichinoseki
60%
628.2 Shichinohe Towada
56%
463.1 Shin Hanamaki
54%
178.4 Shin Shirakawa
54%
286.2 Shiroishi Zao
51%
363.8 Furukawa
48%
385.7 Kurikoma Kogen
48%
448.6 Kitakami
47%
527.6 Iwate Numakunai
46%
431.3 Mizusawa Esashi
44%
No matching quizzes found
Score Distribution
Percent of People with Each Score
Percentile by Number Answered
Your Score History
You have not taken this quiz since the last reset